000 00879nam a2200217 i 4500
001 158356
003 ES-MaACL
005 20230906211118.0
008 020822m18601862fr |||| | fre d
040 _aCYL
_bspa
_cCYL
100 0 _aMacaulay, Thomas Babington Macaulay
_cBaron.
_975067
245 1 0 _aEssais historiques et biographiques /
_cpar Lord Macaulay; traduits par M. Guillaume Guizot.
260 _aParis :
_bMichel Lévy Frères, Libraires-Éditeurs,
_c1860-1862 (
_eCorbeil :
_fTypographie et stéréotypie de Crété)
300 _a2 v. ;
_c22 cm.
505 8 _aContiene: Première série, Burleigh et son temps. John Hampden. Sir William Temple. Lord Clive. Warren Hastings
597 _aSignaturizado.
597 _aAntep.
700 1 _aGuizot, Guillaume (
_d1833-1892)
_9149492
852 _aES-MaACL
_jG-1615
_z-- Enc. hol.
_q-- Sólo t.I
999 _c158356
_d158356